|
|
|
|
| LEADER |
02653nam a2200565 a 4500 |
| 001 |
000764639 |
| 003 |
CZ BrMZK |
| 005 |
20131126104526.0 |
| 007 |
ta |
| 008 |
050224s2005 xr acf er 000 cze d |
| 020 |
|
|
|q (brož.)
|
| 040 |
|
|
|a BOA001
|b cze
|
| 043 |
|
|
|a e-xr---
|b e-xr-jm
|2 czenas
|
| 045 |
|
|
|a x-x-
|a y0y1
|
| 072 |
|
7 |
|a 792
|x Divadlo. Divadelní představení
|2 Konspekt
|9 3
|
| 080 |
|
|
|a 821.162.3-1
|2 MRF
|
| 080 |
|
|
|a 792=025
|2 MRF
|
| 080 |
|
|
|a 792.2
|2 MRF
|
| 080 |
|
|
|a (437.322)
|2 MRF
|
| 080 |
|
|
|a (083.97)
|2 MRF
|
| 245 |
0 |
0 |
|a František Hrubín, Romance pro křídlovku :
|b osmá premiéra šedesáté sezóny 2004/2005 : premiéry 19. a 20. února 2005 na Činoherní scéně Městského divadla Brno [divadelní program /
|c texty Heda V. Mikulicová, Ladislav Stýblo ; fotografie Jef Kratochvil, Tino Kratochvil]
|
| 246 |
3 |
3 |
|a Romance pro křídlovku
|
| 260 |
|
|
|a Brno :
|b Městské divadlo Brno,
|c [2005]
|
| 300 |
|
|
|a 256 s., [16] s. barev. obr. příl. :
|b il. (některé barev.), portréty ;
|c 15 cm
|
| 504 |
|
|
|a Obsahuje bibliografii
|
| 505 |
2 |
0 |
|a Romance pro křídlovku / František Hrubín ; divadelní adaptace Aleš Bergman
|
| 500 |
|
|
|a Dostupné též v digitální podobě v aplikaci Kramerius
|
| 600 |
1 |
7 |
|a Hrubín, František,
|d 1910-1971
|7 jk01042920
|2 czenas
|
| 648 |
|
7 |
|a 20. století
|7 ch460558
|2 czenas
|
| 648 |
|
7 |
|a 2001-2010
|7 ch460588
|2 czenas
|
| 650 |
0 |
7 |
|a česká poezie
|7 ph150471
|y 20. stol.
|2 czenas
|
| 650 |
0 |
7 |
|a divadelní adaptace
|7 ph117224
|z Česko
|y 20. stol.
|2 czenas
|
| 650 |
0 |
7 |
|a činohry
|7 ph128179
|z Česko
|y 2001-2010
|2 czenas
|
| 655 |
|
7 |
|a divadelní programy
|7 fd132033
|2 czenas
|
| 610 |
2 |
7 |
|a Městské divadlo Brno
|7 kn20010724512
|2 czenas
|
| 651 |
|
7 |
|a Brno (Česko)
|7 ge134084
|2 czenas
|
| 700 |
1 |
|
|a Mikulicová, Heda V.
|7 mzk2005273032
|4 wfw
|
| 700 |
1 |
|
|a Stýblo, Ladislav,
|d 1977-
|7 xx0018444
|4 wfw
|
| 700 |
1 |
|
|a Kratochvil, Jef,
|d 1943-2018
|7 jn20010310210
|4 pht
|
| 700 |
1 |
|
|a Kratochvil, Tino,
|d 1978-
|7 xx0029697
|4 pht
|
| 700 |
1 |
2 |
|a Hrubín, František,
|d 1910-1971.
|t Romance pro křídlovku
|
| 700 |
1 |
2 |
|a Bergman, Aleš,
|d 1966-
|7 jo2001100198
|
| 856 |
4 |
1 |
|u http://www.digitalniknihovna.cz/mzk/uuid/uuid:de9dabb0-1d90-11e6-8803-005056827e51
|y Digitalizovaný dokument
|x NDK
|
| 910 |
|
|
|a BOA001
|b 1-1148.013
|
| 975 |
1 |
|
|a Hrubín, František,
|d 1910-1971
|7 jk01042920
|4 aut
|
| 975 |
1 |
|
|a Bergman, Aleš,
|d 1966-
|7 jo2001100198
|4 adp
|
| 990 |
|
|
|a BK
|
| 991 |
|
|
|b 200504
|
| 996 |
6 |
|
|b 2610243164
|c 1-1148.013
|l MZK
|r Sklad / do 1 hodiny
|n 1
|p p.v.
|w 000764639
|u 000010
|a 1
|e BOA001
|j MZK50
|s P
|
| 996 |
7 |
|
|b 2610243165
|c 1-1148.013
|l MZK
|r Sklad / do 1 hodiny
|n 11
|p p.v.
|w 000764639
|u 000020
|a 1
|e BOA001
|j MZK50
|s A
|